[Event "VIE-ch U09"]
[Site "Ho Chi Minh City"]
[Date "2014.07.17"]
[Round "8"]
[White "Nguyen, Hanh Hoang Duc"]
[Black "Nguyen, Nguyen Loc"]
[Result "0-1"]
[WhiteElo "1526"]
[BlackElo "1491"]
[PlyCount "98"]
[EventDate "2014.07.13"]
[EventType "swiss"]
[EventRounds "9"]
[EventCountry "VIE"]
[SourceTitle "EXT 2016"]
[Source "ChessBase"]
[SourceDate "2015.10.08"]
[SourceVersion "1"]
[SourceVersionDate "2015.10.08"]
[SourceQuality "1"]

1. Nf3 Nf6 2. d4 e6 3. c4 b6 4. e3 Bb7 5. Nc3 d5 6. Qb3 Be7 7. c5 Nbd7 8. Bd3 Rb8 9. cxb6 cxb6 10. 0-0 0-0 11. Bd2 Ne4 12. Rfd1 Ndf6 13. Ne5 Nd7 14. Nxd7 Qxd7 15. Qa4 Qxa4 16. Nxa4 Nxd2 17. Rxd2 Rbc8 18. Nc3 Bb4 19. Rc2 Bxc3 20. Rxc3 Rxc3 21. bxc3 Rc8 22. Rc1 Kf8 23. Bxh7 g6 24. f3 Kg7 25. Bxg6 fxg6 26. Kf2 Kf6 27. Kg3 Ba6 28. Kf4 Rh8 29. h3 g5+ 30. Kg3 Kf5 31. Re1 Bd3 32. Rd1 Bc4 33. a3 Rc8 34. Kf2 Bb3 35. Rc1 a5 36. g4+ Kf6 37. e4 dxe4 38. fxe4 b5 39. e5+ Kg6 40. Ke3 Bd5 41. Rc2 Rh8 42. Rh2 Rf8 43. Rf2 Rc8 44. Kd2 Rh8 45. Rh2 Bf3 46. Ke3 Bxg4 47. Kf2 Rxh3 48. Rxh3 Bxh3 49. Kg3 Bf5 0-1